000 00711nam a2200205Ii 4500
003 JO-AjNU
008 230605s9999||||xx |||||||||||||| ||und||
040 _aJO-AjNU
_bara
_erda
_cJO-AjNU
041 _aara
050 1 4 _aBP173.25.F3788 1993
100 3 _aالفرفور، محمد عبد اللطيف,
_eauthor
_935979
245 0 0 _aالوسطية في الإسلام
250 _aط1
264 3 1 _aبيروت: دار النفائس للطباعة والنشر والتوزيع، 1993
300 _a173ص
336 _atext
_btxt
_2rdacontent
337 _aunmediated
_bn
_2rdamedia
338 _avolume
_bnc
_2rdacarrier
650 4 _aالتربية الاسلامية- الوعظ والارشاد
_935980
999 _aA14906
_c18474
_d18474